Eugénie Grandet
Enregistré dans:
| Auteur principal: | |
|---|---|
| Format: | Livre |
| Langue: | Undetermined |
| Publié: |
London
Everyman's Library
1992
|
| Sujets: | |
| Tags: |
Ajouter un tag
Pas de tags, Soyez le premier à ajouter un tag!
|
| Thư viện lưu trữ: | Trung tâm Học liệu Trường Đại học Cần Thơ |
|---|
| LEADER | 00478nam a2200169Ia 4500 | ||
|---|---|---|---|
| 001 | CTU_47276 | ||
| 008 | 210402s9999 xx 000 0 und d | ||
| 082 | |a 843.8 | ||
| 082 | |b B197e/1991 | ||
| 100 | |a HONORÉ DE BALZAC | ||
| 245 | 0 | |a Eugénie Grandet | |
| 245 | 0 | |c HONORÉ DE BALZAC, Ellen Marriage | |
| 260 | |a London | ||
| 260 | |b Everyman's Library | ||
| 260 | |c 1992 | ||
| 650 | |a french fiction - 19th century | ||
| 980 | |a Trung tâm Học liệu Trường Đại học Cần Thơ | ||